Schach: lass dich nicht schlagen #2 - Sudden Death - Statistiken

Allgemein
  • Dieses Quiz wurde 422 mal gespielt
  • Das Durchschnittsergebnis liegt bei 13 aus 26
Answers on the Grid
Answers color-coded by a green-red scale on the quiz's grid according to % correct below.
 
Antwortstatistiken
Antwort % Korrekt
61%
59%
59%
57%
57%
57%
57%
56%
55%
55%
54%
53%
52%
52%
51%
50%
48%
47%
47%
45%
45%
44%
43%
43%
43%
39%
Keine übereinstimmenden Quizze gefunden
Verteilung der Resultate
Anzahl Personen mit jedem Resultat
Perzentil nach korrekt beantworteten Fragen
Ihre Resultats-Entwicklung
Sie haben dieses Quiz noch nicht gespielt